Sports Quiz

Random Sports or Country Quiz

Gold medalist of Lillehammer 94` Quiz Stats

 Plays Quiz not verified by Sporcle

Challenge
Share
Tweet
Embed
Score 0/61 Timer 12:00
0 Plays Today
Event Gold medalist % Correct
Alpine skiing: Downhill, menTommy Moe
84.7%
Alpine skiing: Combined, menLasse Kjus
78.6%
Cross-country skiing: 10 km, menBjorn Daehlie
77.9%
Cross-country skiing: RelayItaly
77.9%
Cross-country skiing: 15 km pursuit, menBjorn Daehlie
75.6%
Cross-country skiing: 50 km, menVladimir Smirnov
73.3%
Speed skating: 5000m, menJohann Olav Koss
72.5%
Speed skating: 10000m, menJohann Olav Koss
72.5%
Cross-country skiing: 30 km, menThomas Alsgaard
71.8%
Ski jumping: TeamsGermany
71.8%
Biathlon: Relay, menGermany
70.2%
Speed skating: 1500m, menJohann Olav Koss
70.2%
Ice hockeySweden
69.5%
Ski jumping: Normal hillEspen Bredesen
69.5%
Biathlon: Relay, womenRussia
68.7%
Cross-country skiing: RelayRussia
68.7%
Nordic combined: RelayJapan
67.2%
Ski jumping: Large hillJens Weissflog
64.1%
Alpine skiing: Combined, womenPernilla Wiberg
63.4%
Nordic combined: IndividualFred Borre Lundberg
61.8%
Bobsleigh: Four-manGermany
58.8%
Figure skating: PairsRussia
58%
Freestyle skiing: Moguls, womenStine Lise Hattestad
57.3%
Alpine skiing: Super G, menMarkus Wasmeier
55%
Figure skating: Ice-dancingRussia
55%
Alpine skiing: Giant Slalom, menMarkus Wasmeier
54.2%
Speed skating: 1000m, menDan Jansen
53.4%
Alpine skiing: Slalom, menThomas Stangassinger
49.6%
Bobsleigh: Two-manSwitzerland
48.1%
Speed skating: 500m, womenBonnie Blair
46.6%
Speed skating: 1000m, womenBonnie Blair
46.6%
Event Gold medalist % Correct
Cross-country skiing: 5 km, womenLyobov Yegorova
45%
Cross-country skiing: 10 km pursuit,womenLyobov Yegorova
45%
Biathlon: 7,5km, womenMyriam Bedard
40.5%
Biathlon: 15km, womenMyriam Bedard
40.5%
Cross-country skiing: 30 km, womenManuela Di Centa
39.7%
Alpine skiing: Downhill, womenKatja Seizinger
38.9%
Short track speed skating: Relay, womenSouth Korea
38.9%
Cross-country skiing: 15 km, womenManuela Di Centa
38.2%
Luge: Doubles, menItaly
38.2%
Alpine skiing: Giant slalom, womenDeborah Compagnoni
33.6%
Figure skating: Singel, womenOksana Baiul
31.3%
Alpine skiing: Super G, womenDiann Roffe
30.5%
Alpine skiing: Slalom, womenVreni Schneider
29.8%
Speed skating: 5000m, womenClaudia Pechstein
27.5%
Luge: Single, menGeorg Hackl
25.2%
Short track speed skating: RelayItaly
21.4%
Speed skating: 500m, menAleksander Golubev
19.1%
Biatlhon: 20km, men Sergey Tarasov
18.3%
Freestyle skiing: Moguls, menJean-Luc Brassard
17.6%
Biatlhon: 10km, men Sergey Chepikov
16%
Luge: Single, womenGerda Weissensteiner
15.3%
Figure skating: Singel, menAlexei Urmanov
9.9%
Speed skating: 3000m, womenSvetlana Bazhanova
9.2%
Freestyle skiing: Aerials(jump), womenLina Cheryazova
8.4%
Short track speed skating: 500m, womenCathy Turner
8.4%
Short track speed skating: 500m, menChae Ji-Hoon
6.1%
Short track speed skating: 1000m, menKim Ki-Hoon
6.1%
Freestyle skiing: Aerials(jump), menAndreas Schönbächler
4.6%
Speed skating: 1500m, womenEmese Hunady
4.6%
Short track speed skating: 1000m, womenChun Lee-Kyung
3.1%

You're not logged in!

Compare scores with friends on all Sporcle quizzes.
Join for Free
OR
Log In

You Might Also Like...

Show Comments

Extras

Top Quizzes Today


Score Distribution

Your Account Isn't Verified!

In order to create a playlist on Sporcle, you need to verify the email address you used during registration. Go to your Sporcle Settings to finish the process.

Report this User

Report this user for behavior that violates our Community Guidelines.

Details: